| 000 | 00395nam a2200169Ia 4500 | ||
|---|---|---|---|
| 008 | 200601s9999 xx 000 0 und d | ||
| 020 | _a0-553-27360-4 | ||
| 050 | _aFIC AI5l | ||
| 050 | _b1988 | ||
| 100 | _aAllende, Isabel | ||
| 245 | 0 | _aOf Love and shadows / | |
| 245 | 0 | _cIsabel Allende. | |
| 260 | _aNew York : | ||
| 260 | _bBantam Books. | ||
| 260 | _c1988 | ||
| 300 | _a290 pages : | ||
| 999 |
_c363448 _d363448 |
||